000 00677nam a2200205Ia 4500
005 20250507130346.0
008 008 250505s9999 xx 000 0 eng d
020 _a9780520240858
037 _aAnnuals, Advances
040 _aEASL
_beng
_cEASL
041 _aeng
_2eng
084 _aY:1.42.M, P5
_qEASL
100 _aHowell David L. Au.
245 0 _aGeographies of Identity in Nineteenth- Century Japan
260 _aUSA
_bCaifornia Universtiy of California Press
_c2005
300 _ax,261p.
650 _aJEL; Japan civilization; Japan social conditions; Ainu - ethnic
_9755252
942 _cTEXL
_hY:1.42.M, P5
999 _c1319222
_d1319222